000 00531nam a22001577a 4500
999 _c6784
_d6784
008 200327b ||||| |||| 00| 0 eng d
020 _a13 978-3-540-34826-9
082 _a307 STI
100 _aSTIMSON, Robert J.
245 _aRegional Economic Development
_bAnalysis and Planning Strategy
_cRobert J. Stimson, Roger R. Stough and Brian H. Roberts
_hEnglish
250 _a2nd ed.
260 _aAustralia
_bSpringer
_c2006
300 _ax,452p.
_bIllustration
_c24cm
650 _2 Regional Economic Development
942 _2ddc
_cBOOKS